| 000 -LEADER |
| fixed length control field |
00435cam a22001337a 4500 |
| 008 - FIXED-LENGTH DATA ELEMENTS--GENERAL INFORMATION |
| fixed length control field |
180718b1948 xxu||||| |||| 00| 0 eng d |
| 082 ## - DEWEY DECIMAL CLASSIFICATION NUMBER |
| Classification number |
Q00x73 M367 |
| 100 ## - MAIN ENTRY--PERSONAL NAME |
| Personal name |
Martz, Helen E. |
| 245 ## - TITLE STATEMENT |
| Title |
Citizen participation in government: a study of county welfare boards |
| Statement of responsibility, etc. |
by Helen E. Martz |
| 260 ## - PUBLICATION, DISTRIBUTION, ETC. |
| Place of publication, distribution, etc. |
Washington, D.C. |
| Name of publisher, distributor, etc. |
Public Affairs |
| Date of publication, distribution, etc. |
1948 |
| 300 ## - PHYSICAL DESCRIPTION |
| Extent |
63p. |
| 650 ## - SUBJECT ADDED ENTRY--TOPICAL TERM |
| Topical term or geographic name entry element |
Public administration |
| 650 ## - SUBJECT ADDED ENTRY--TOPICAL TERM |
| Topical term or geographic name entry element |
Public welfare --United States |